000
00286nam a22001217a 4500
008
180426b xxu||||| |||| 00| 0 eng d
041
_a
eng
080
_a
043.3
100
_a
0
101
_a
ARK-BA
245
_a
Kampusi Universitar " Kadri Zeka" - Gjilan
_c
Kamberi, L
942
_2
udc
_c
BK
999
_c
45568
_d
45568